Countries Visited by Theresa May - Statistics

General Stats
  • This quiz has been taken 50 times
  • The average score is 26 of 33
Answers on the Map
Answers color-coded by a green-red scale on the quiz's map according to % correct below.
 
Answer Stats
Answer % Correct
Canada
100%
France
97%
Germany
97%
India
97%
Ireland
97%
United States
97%
Italy
95%
Spain
95%
Belgium
92%
Egypt
92%
Japan
92%
Netherlands
92%
Poland
92%
Sweden
92%
Switzerland
92%
China
89%
Denmark
89%
Norway
89%
Turkey
89%
Austria
87%
Saudi Arabia
84%
South Africa
84%
Estonia
68%
Iraq
68%
Kenya
68%
Argentina
63%
Jordan
63%
Malta
55%
Nigeria
55%
Slovakia
53%
Bulgaria
45%
Bahrain
39%
North Macedonia
21%
No matching quizzes found
Score Distribution
Percent of People with Each Score
Percentile by Number Answered
Your Score History
You have not taken this quiz